Agricultura de exportación y pequeños productores en Costa Rica /
Guardado en:
| Autor principal: | |
|---|---|
| Otros Autores: | |
| Formato: | Texto |
| Etiquetas: |
Agregar Etiqueta
Sin Etiquetas, Sea el primero en etiquetar este registro!
|
MARC
| LEADER | 00000 a a2200000 04500 | ||
|---|---|---|---|
| 001 | 46988 | ||
| 003 | |||
| 040 | |||
| 100 | |a Rojas, Manuel | ||
| 245 | |a Agricultura de exportación y pequeños productores en Costa Rica / |c Manuel Rojas, Isabel Román | ||
| 700 | |a Román, Isabel | ||
| 773 | |g número61, (1993), 98 páginas : tablas, gráficos | ||
| 999 | |c 23684 |d 23684 | ||
